000 00475nam a2200193Ia 4500
005 20240823031742.0
008 240823s9999||||xx |||||||||||||| ||und||
020 _a978-81-6067-3
041 _aENGLISH
082 _A005.8 Q1
100 _aChuck Easttom
245 0 _aComputer Security Fundamentals
250 _a1st
260 _c2011
_bPearson Education Internat
500 _aYES
650 _aComputer Security
_bComputer Science
942 _cBK
999 _c191815
_d191815